000 00349pam a2200157a 44500
008 230515b2002 xxu||||| |||| 00| 0 eng d
020 _aNULL
041 _aENGL
082 _a620.1/ BHA
100 _aBHAVIKATTI
245 _aENGINEERING MECHANICS (BHA)
250 _aN.D.
260 _aNULL
_bNEW A
_c2002
300 _a555 PB
650 _aNULL
999 _c633724
_d633724